Entry Nombre personal
001 - NÚMERO DE CONTROL
- campo de control: 241349
003 - IDENTIFICADOR DE NÚMERO DE CONTROL
- campo de control: SpMaBN
005 - FECHA Y HORA DE LA ÚLTIMA TRANSACCIÓN
- campo de control: 20250718200431.0
008 - ELEMENTOS DE DATO DE LONGITUD-FIJA
- campo de control de longitud fija: 930119nn azznnaabn |a aaa
016 ## - NÚMERO DE CONTROL DE UNA AGENCIA BIBLIOGRÁFICA NACIONAL
- Número de control del registro: BNE19930770903
024 7# - IDENTIFICADOR DE OTROS ESTÁNDARES
- Número estándar o código: http://viaf.org/viaf/31616509/
- Fuente: viaf
024 8# - IDENTIFICADOR DE OTROS ESTÁNDARES
- Número estándar o código: http://pares.mcu.es:80/ParesBusquedas20/catalogo/autoridad/154 163
024 7# - IDENTIFICADOR DE OTROS ESTÁNDARES
- Número estándar o código: https://isni.org/isni/0000000059240405
- Fuente: isni
024 7# - IDENTIFICADOR DE OTROS ESTÁNDARES
- Número estándar o código: http://www.wikidata.org/entity/Q19592761
- Fuente: wikidata
040 ## - FUENTE DE CATALOGACIÓN
- Centro catalogador/agencia de origen: SpMaBN
- Lengua de catalogación: spa
- Centro/agencia transcriptor: SpMaBN
- Normas de descripción: rdc
- Convención/Normas de encabezamiento de materia/tesauro: embne
046 ## - FECHAS CON CODIFICACIÓN ESPECIAL
- Fecha de nacimiento: 1944
100 1# - ENCABEZAMIENTO-NOMBRE DE PERSONA
- Nombre de persona: Carmena, Manuela,
- Fechas asociadas al nombre: 1944-
370 ## - LUGAR ASOCIADO
- Lugar de nacimiento: Madrid, España
- Fuente de información: (Wikidata)
- Número de control del registro de autoridad o número normalizado: XX450543
373 ## - GRUPO ASOCIADO
- Grupo asociado: Fundación Alternativas
- Fuente de información: Wikidata
374 ## - OCUPACIÓN
- Ocupación: Abogados
- Ocupación: Escritores
- Ocupación: Politicos
- Ocupación: Jueces
- Fuente de información: Wikidata
375 ## - GÉNERO/SEXO
- Género: Femenino
377 ## - IDIOMA ASOCIADO
- Término de lengua/lenguaje: Español
400 1# - TRAZADO DE VÉASE--NOMBRE DE PERSONA
- Nombre de persona: Carmena Castrillo, Manuela
- Fechas asociadas al nombre: 1944-
670 ## - FUENTE DE DATOS ENCONTRADOS
- Cita de la fuente: Crónica de un desorden, 1997
- Información encontrada: port. (Manuela Carmena) v. port. (cop. Manuela Carmena Castrillo)
670 ## - FUENTE DE DATOS ENCONTRADOS
- Cita de la fuente: Manuela Carmena en el diván de Maruja Torres, 2015
- Información encontrada: solapa (Madrid, 1944; magistrada, exjueza española; desde el 13 de junio de 2015 Alcaldesa de Madrid)
670 ## - FUENTE DE DATOS ENCONTRADOS
- Cita de la fuente: WWW Wikipedia, 01-02-2016
- Información encontrada: (Manuela Carmena [Manuela Carmena Castrillo]; n. Madrid, 9 de febrero de 1944; jurista, juez emérita y política española, alcaldesa de Madrid desde el 13 de junio de 2015)
- Identificador Uniforme de Recursos: https://es.wikipedia.org/wiki/Manuela_Carmena
